000 00324nam a2200133Ia 4500
008 151213s9999 xx 000 0 und d
100 _aBarron, M.
245 _aReady, set, explore
_cBarron, M.
260 _aNew York
_bJohn Willey
_c1996
300 _a1821 p.
650 _aReference
700 _aBarron, M.
999 _c1340
_d1340